La question du renvoi en Droit International Privé (Registro nro. 299650)

Detalles MARC
000 -ENCABEZADO
Número de control [NR] 01795nam a22002657a 4500
005 - FECHA Y HORA DE LA ÚLTIMA TRANSACCIÓN
control field 20150507084102.0
008 - DE LONGITUD FIJA DE DATOS DE ELEMENTOS - INFORMACIÓN GENERAL
Elementos de longitud fija [NR] 150507s1913 fr ||||fr|||| 001 0 fre d
040 ## - FUENTE DE CATALOGACION [NR]
Quien Cataloga Sandra Yazo
Quien Clasifica Sandra Yazo
041 0# - CODIGO DE IDIOMA [R]
Código de idioma para texto/pista de sonido o título separado [R] Francés
082 04 - NUMERO DE CLASIFICACION DECIMAL DEWEY [R]
Número de la edición [NR] 20
Número de clasificación [R] 348.04
092 ## - SIGNATURA TOPOGRAFICA LOCAL
Número de clasificación local E34N050
100 1# - ASIENTO PRINCIPAL--NOMBRE PERSONAL [NR]
Nombre personal [NR] Potu, Émile
ID Autoridad 68683
242 03 - TRADUCCION DEL TITULO POR LA AGENCIA CATALOGADORA [R]
Título [NR] El tema de las devoluciones en el Derecho Internacional Privado
Mención de responsabilidad, etc. [NR] por Émile Potu
Código de idioma del título traducido [NR] spa
245 13 - MENCION DE TITULO [NR]
Título [NR] La question du renvoi en Droit International Privé
Mención de responsabilidad, etc. [NR] par Émile Potu
260 ## - PUBLICACION, DISTRIBUCION, ETC. (PIE DE IMPRENTA) [R]
Lugar de publicación, distribución, etc. [R] París (Francia)
Nombre del editor, distribuidor, etc. [R] Juris-Classeurs [Archivos de Derecho]
Fecha de publicación, distribución, etc. [R] 1913
300 ## - DESCRIPCION FISICA [R]
Extensión [R] xvii ; 361 páginas
Dimensiones [R] 24 x 16 cm.
500 ## - NOTA GENERAL [R]
Nota general [NR] Detalles físicos: Encuadernación rígida (holandesa) en cartón forrado en papel. Lomo en cuero, con nervaduras sobre costura y adornos en dorado. Guardas en papel impreso imitando el papel de agua. Hoja de cortesía. Portada impresa en una sola tinta. Texto impreso en una columna. Notas al pie de página. Papel muy manchado.
505 1# - NOTA DE CONTENIDO CON FORMATO PREESTABLECIDO [R]
Nota de contenido con formato preestablecido [NR] Introducción ; Parte 1 – 4: Jurisprudencia sobre las “devoluciones” ; La jurisprudencia francesa: historia y exposición resumida ; Jurisprudencia belga ; Jurisprudencia alemana ; Jurisprudencia italiana ; Jurisprudencia suiza ; Jurisprudencia anglo-americana -- Acuerdos y leyes internas ; La convención de la Haya y el derecho internacional privado ; Legislaciones varias (alemana, japonesa, suiza, húngara, italiana y sueca) -- Doctrinas ; La doctrina sobre la devolución ; La doctrina clásica -- Análisis crítico de la doctrina sobre las devoluciones.
506 ## - NOTA DE RESTRICCIONES DE ACCESO [R]
Condiciones de acceso [NR] Consulta en sala.
546 ## - NOTA DE IDIOMA [R]
Nota de idioma [NR] Texto en francés.
650 #7 - ASIENTO SECUNDARIO DE MATERIA - TERMINO TEMATICO [R]
9 (RLIN) 18175
Término temático o nombre geográfico como elemento de entrada [NR] Jurisprudencia
650 #7 - ASIENTO SECUNDARIO DE MATERIA - TERMINO TEMATICO [R]
9 (RLIN) 7497
Término temático o nombre geográfico como elemento de entrada [NR] Derecho internacional privado
690 ## - ASUNTO AGREGADO LOCAL DE ENTRADA - TÉRMINO TEMÁTICO (OCLC, RLIN)
9 (RLIN) 42772
Acceso temático local Derecho internacional
942 ## - ELEMENTOS DE ENTRADA AGREGADOS (KOHA)
Sistema de clasificación LOCAL
Tipo de ítem principal el descrito en 300a Libro
Edición 1
Clasificación E34N050
Existencias
Suprimido Perdido Sistema de clasificación Dañado No prestable Tipo de ítem específico Ubicación habitual Ubicación actual Localización Fecha de creación Forma de adquisición Costo Total préstamos Signatura topográfica Código de barras Última vez visto Ejemplar Price effective from Tipo de ítem
    LOCAL     Libro archivo Archivo Histórico Archivo Histórico Archivo histórico 07/05/2015 Donación 0.00   E34N050 L004782 07/05/2015 Ej.1 07/05/2015 Libro